[Event "San Francisco TNM Spring op"]
[Site "San Francisco"]
[Date "2017.05.02"]
[Round "8"]
[White "Cheng, Andrew Ys"]
[Black "Malykin, Erika"]
[Result "0-1"]
[WhiteElo "1353"]
[BlackElo "1567"]
[PlyCount "92"]
[EventDate "2017.03.14"]
[EventType "swiss"]
[EventRounds "8"]
[EventCountry "USA"]
[SourceTitle "EXT 2023"]
[Source "ChessBase"]
[SourceDate "2022.10.05"]
[SourceVersion "1"]
[SourceVersionDate "2022.10.05"]
[SourceQuality "1"]

1. e4 e6 2. Nf3 Nf6 3. Nc3 Bb4 4. a3 Bxc3 5. bxc3 Nxe4 6. d3 Nxc3 7. Qd2 Nd5 8. Bb2 f6 9. g3 Nc6 10. Bg2 Nde7 11. 0-0 d5 12. Rfe1 0-0 13. d4 Bd7 14. Rac1 Ng6 15. c4 dxc4 16. Rxc4 Nce7 17. Qc2 Nd5 18. a4 Nb6 19. Rxc7 Bxa4 20. Qc1 Bc6 21. Rxc6 bxc6 22. Qxc6 Re8 23. Rxe6 Ne7 24. Qc2 Rc8 25. Qe2 Nc4 26. h4 Kf8 27. Kh2 Qc7 28. Bh3 Nd5 29. Rxe8+ Rxe8 30. Qc2 Rb8 31. Qxh7 Rxb2 32. Qh8+ Kf7 33. Ng5+ fxg5 34. Qh5+ Ke7 35. Qxg5+ Kd6 36. Bg2 Ncb6 37. Qe5+ Kc6 38. Qe6+ Qd6 39. Qe8+ Qd7 40. Qg6+ Kc7 41. Qe4 Rxf2 42. Qe5+ Kc8 43. Qh5 a5 44. Kg1 Rxg2+ 45. Kxg2 Ne3+ 46. Kf3 Qd5+ 0-1

[Event "San Francisco TNM Spring op"]
[Site "San Francisco"]
[Date "2011.04.19"]
[Round "6"]
[White "Cheng, Andrew Ys"]
[Black "Chalissery, Jossy"]
[Result "0-1"]
[WhiteElo "1417"]
[BlackElo "1737"]
[PlyCount "84"]
[EventDate "2011.03.15"]
[EventType "swiss"]
[EventRounds "8"]
[EventCountry "USA"]
[SourceTitle "EXT 2012"]
[Source "ChessBase"]
[SourceDate "2011.11.24"]
[SourceVersion "1"]
[SourceVersionDate "2011.11.24"]
[SourceQuality "1"]

1. c4 b6 2. d4 Bb7 3. d5 c6 4. e4 cxd5 5. exd5 Nf6 6. Nc3 Na6 7. Be3 d6 8. Qa4+ Qd7 9. Qxd7+ Nxd7 10. a3 Nf6 11. Nf3 g6 12. Bd3 Bg7 13. 0-0 0-0 14. Rfe1 Rfe8 15. h3 Nc5 16. Bxc5 bxc5 17. Re2 Bc8 18. Rae1 e6 19. Ng5 h6 20. Nxf7 Kxf7 21. dxe6+ Bxe6 22. Bxg6+ Kxg6 23. Rxe6 Kf7 24. Rxe8 Rxe8 25. Rxe8 Nxe8 26. Nd1 Bd4 27. Kf1 Nf6 28. f3 Nh5 29. g4 Nf4 30. b4 cxb4 31. axb4 Nxh3 32. Ke2 Ke6 33. Kd3 Ke5 34. Nc3 Bxc3 35. Kxc3 Ng5 36. b5 Nxf3 37. Kb4 Nd2 38. c5 dxc5+ 39. Kxc5 Kf4 40. Kc6 Nc4 41. Kb7 Kxg4 42. Kxa7 h5 0-1

[Event "San Francisco TNM Spring op"]
[Site "San Francisco"]
[Date "2011.03.29"]
[Round "3"]
[White "Morgan, Jerry"]
[Black "Cheng, Andrew Ys"]
[Result "1/2-1/2"]
[WhiteElo "1538"]
[BlackElo "1417"]
[PlyCount "47"]
[EventDate "2011.03.15"]
[EventType "swiss"]
[EventRounds "8"]
[EventCountry "USA"]
[SourceTitle "EXT 2012"]
[Source "ChessBase"]
[SourceDate "2011.11.24"]
[SourceVersion "1"]
[SourceVersionDate "2011.11.24"]
[SourceQuality "1"]

1. f4 Nf6 2. Nf3 Nc6 3. e3 g6 4. b3 Bg7 5. Bb2 0-0 6. Be2 d6 7. 0-0 Re8 8. Na3 e5 9. fxe5 dxe5 10. Nc4 e4 11. Nd4 Nxd4 12. Bxd4 Bf5 13. Qe1 Qd7 14. Qh4 Re6 15. Rf2 Qd5 16. Raf1 b5 17. Na3 c5 18. Bb2 a6 19. Bd1 c4 20. c3 Rc8 21. b4 Qd6 22. Qf4 Rd8 23. Qxd6 Rexd6 24. Bc1 1/2-1/2

[Event "San Francisco TNM Spring op"]
[Site "San Francisco"]
[Date "2010.03.16"]
[Round "1"]
[White "Todortsev, Victor"]
[Black "Cheng, Andrew Ys"]
[Result "1-0"]
[WhiteElo "1918"]
[BlackElo "1314"]
[PlyCount "77"]
[EventDate "2010.03.16"]
[EventType "swiss"]
[EventRounds "8"]
[EventCountry "USA"]
[SourceTitle "EXT 2012"]
[Source "ChessBase"]
[SourceDate "2011.11.24"]
[SourceVersion "1"]
[SourceVersionDate "2011.11.24"]
[SourceQuality "1"]

1. e4 e5 2. Nf3 d6 3. Bc4 h6 4. d4 Bg4 5. dxe5 dxe5 6. Bxf7+ Ke7 7. Qxd8+ Kxd8 8. Nxe5 Nf6 9. Ng6 Bb4+ 10. c3 Bxc3+ 11. Nxc3 Rf8 12. Nxf8 Ke7 13. Ng6+ Kxf7 14. Ne5+ Ke6 15. Nxg4 Nxg4 16. 0-0 Nc6 17. f4 Nd4 18. f5+ Kd7 19. Rd1 c5 20. Nb5 Kc6 21. Nxd4+ cxd4 22. Rxd4 b5 23. Bf4 g5 24. Rc1+ Kb6 25. Rd6+ Kb7 26. Rd7+ Kb6 27. Bc7+ Kb7 28. Be5+ Kb6 29. Bd4+ Ka5 30. h3 a6 31. hxg4 Re8 32. e5 Rb8 33. e6 b4 34. Rc5+ Rb5 35. e7 Rxc5 36. Bxc5 h5 37. Rb7 hxg4 38. e8B g3 39. Bxb4# 1-0

[Event "San Francisco TNM Spring op"]
[Site "San Francisco"]
[Date "2006.05.09"]
[Round "7"]
[White "Oca Homer, Nicolas"]
[Black "Cheng, Andrew Ys"]
[Result "0-1"]
[WhiteElo "1678"]
[BlackElo "1237"]
[PlyCount "73"]
[EventDate "2006.03.28"]
[EventType "swiss"]
[EventRounds "8"]
[EventCountry "USA"]
[SourceTitle "EXT 2007"]
[Source "ChessBase"]
[SourceDate "2006.11.23"]
[SourceVersion "1"]
[SourceVersionDate "2006.11.23"]
[SourceQuality "1"]

1. h3 e5 2. a3 Nf6 3. e3 d5 4. d3 Nc6 5. Qd2 Bd6 6. f4 e4 7. Qf2 0-0 8. Nc3 Re8 9. Bd2 a6 10. 0-0-0 b5 11. dxe4 dxe4 12. g4 b4 13. axb4 Nxb4 14. Bg2 Bb7 15. g5 Nd7 16. Nge2 Nc5 17. Ng3 Ncd3+ 18. cxd3 Nxd3+ 19. Kb1 Nxf2 20. Rhf1 Nxd1 21. Rxd1 Qe7 22. Ncxe4 Bxe4+ 23. Bxe4 g6 24. Bxa8 Rxa8 25. e4 Rb8 26. e5 Ba3 27. Bc3 Bb4 28. Bd4 c5 29. Be3 c4 30. Ne4 Rc8 31. Nf6+ Kg7 32. h4 Rd8 33. Rh1 c3 34. h5 cxb2 35. hxg6 Rb8 36. gxh7 Bc3 37. f5 0-1